LEADER 01337nam0 22002891i 450 001 UON00285309 005 20231205103857.890 100 $a20061212d1960 |0itac50 ba 101 $afre 102 $aFR 105 $a|||| 1|||| 200 1 $aDialogues$aRéflexions critiques ; Oeuvres diverses$fNicolas Boileau-Despréaux$gtexte établi et présenté par Charles-H. Boudhors 205 $a 2e ed 210 $aParis$cSociété les Belles Lettres$d1960 215 $a359 p.$d21 cm 410 1$1001UON00285315$12001 $aˆLes ‰textes Français. Collection des Universités de France$1210 $aParis$cSociété les Belles Lettres. 620 $aFR$dParis$3UONL002984 700 1$aBOILEAU$bNicolas$3UONV143019$0444424 702 1$aBOUDHORS$bCharles-H$3UONV164679 712 $aLes Belles Lettres$3UONV245913$4650 801 $aIT$bSOL$c20240220$gRICA 912 $aUON00285309 950 $aSIBA - SISTEMA BIBLIOTECARIO DI ATENEO$dSI Francese III A BOI $eSI SFR790 7 950 $aSIBA - SISTEMA BIBLIOTECARIO DI ATENEO$dSI Francese III A BOI bis $eSI SFR6638 7 bis 996 $aRéflexions critiques ; Oeuvres diverses$91248749 996 $aDialogues$91248748 997 $aUNIOR LEADER 01370nam0 22003131i 450 001 UON00433455 005 20231205104917.537 010 $a978-88-06-17408-8 100 $a20131125f2002 |0itac50 ba 101 $aita 102 $aIT 105 $a|||| 1|||| 200 1 $aMemorie d'Adriano$aˆseguite dai ‰Taccuini di appunti$fMarguerite Yourcenar$ga cura di Lidia Storoni Mazzolani 210 $aTorino$cEinaudi$dc2002 215 $a350 p.$d21 cm. 316 $aDono di Valentina Tornatore$5IT-UONSI FranceseVI AYOU 410 1$1001UON00433457$12001 $aSuper ET$1210 $aTorino$cEinaudi 500 1$3UON00433459$aMémoires d'Hadrien, suivi des Carnets de notes des Mémoires d'Hadrien$931310 620 $aIT$dTorino$3UONL000014 676 $a843.91$cNarrativa francese. 1900-1999$v21 700 1$aYOURCENAR$bMarguerite$3UONV048376$0204116 702 1$aStoroni Mazzolani$bLidia$3UONV114677 712 $aEinaudi$3UONV246211$4650 801 $aIT$bSOL$c20250411$gRICA 899 $aSIBA - SISTEMA BIBLIOTECARIO DI ATENEO$2UONSI 912 $aUON00433455 950 $aSIBA - SISTEMA BIBLIOTECARIO DI ATENEO$dSI VI A YOU $eSI 7279 5 Dono di Valentina Tornatore 996 $aMémoires d'Hadrien, suivi des Carnets de notes des Mémoires d'Hadrien$931310 997 $aUNIOR